[Event "Rodovre-ch B"]
[Site "Rodovre"]
[Date "2006.09.19"]
[Round "3"]
[White "Rohder, Bjarne"]
[Black "Krog Jensen, Werner"]
[Result "0-1"]
[WhiteElo "1510"]
[BlackElo "1590"]
[PlyCount "82"]
[EventDate "2006.09.05"]
[EventType "tourn"]
[EventRounds "7"]
[EventCountry "DEN"]
[SourceTitle "EXT 2023"]
[Source "ChessBase"]
[SourceDate "2022.10.05"]
[SourceVersion "1"]
[SourceVersionDate "2022.10.05"]
[SourceQuality "1"]

1. e4 d6 2. Nc3 Nf6 3. d4 Nbd7 4. Nf3 e5 5. dxe5 Nxe5 6. Nxe5 dxe5 7. Qxd8+ Kxd8 8. Bg5 c6 9. 0-0-0+ Kc7 10. h3 Be6 11. f4 Bd6 12. f5 Bd7 13. Bc4 Rhf8 14. Bxf6 gxf6 15. Ne2 Rg8 16. g4 Rg7 17. Rd3 Rd8 18. Ng3 b5 19. Rhd1 Be7 20. Bb3 c5 21. Bd5 c4 22. R3d2 Be8 23. a3 Rg8 24. Ne2 Bc5 25. Nc3 Be3 26. Bxc4 Bxd2+ 27. Rxd2 Rxd2 28. Kxd2 bxc4 29. Nd5+ Kb7 30. Nxf6 Rh8 31. Kc3 Bb5 32. Kb4 Ba6 33. Kc5 Rc8+ 34. Kb4 Rc6 35. g5 Rxf6 36. gxf6 Kc6 37. Kc3 Kc5 38. h4 h5 39. b4+ cxb3 40. cxb3 Bb7 41. Kd3 a5 0-1

[Event "Rodovre-ch B"]
[Site "Rodovre"]
[Date "2006.09.05"]
[Round "1"]
[White "Nielsen, Kurt Sogaard"]
[Black "Krog Jensen, Werner"]
[Result "1-0"]
[WhiteElo "1602"]
[BlackElo "1590"]
[PlyCount "61"]
[EventDate "2006.09.05"]
[EventType "tourn"]
[EventRounds "7"]
[EventCountry "DEN"]
[SourceTitle "EXT 2023"]
[Source "ChessBase"]
[SourceDate "2022.10.05"]
[SourceVersion "1"]
[SourceVersionDate "2022.10.05"]
[SourceQuality "1"]

1. d4 c5 2. e3 cxd4 3. exd4 d5 4. Nf3 Nc6 5. Be3 Nf6 6. Nc3 Bg4 7. h3 Bxf3 8. Qxf3 e6 9. a3 Be7 10. Bd3 a6 11. 0-0 0-0 12. Rad1 Qb6 13. b4 Rac8 14. Na4 Qa7 15. c3 b5 16. Nc5 Bxc5 17. bxc5 Qb7 18. Bg5 Ne8 19. Qh5 g6 20. Qe2 Ng7 21. Bf6 Nh5 22. Bg5 Ng7 23. Bh6 Ne7 24. g4 Qc6 25. Rfe1 Rfe8 26. Qe5 Nef5 27. gxf5 f6 28. Qxf6 Rc7 29. Bxg7 Rxg7 30. Rxe6 gxf5+ 31. Qxg7+ 1-0

[Event "Frederikssund Weekend G3 2nd"]
[Site "Frederikssund"]
[Date "2004.09.25"]
[Round "3"]
[White "Krog Jensen, Werner"]
[Black "Andersen, Thomas"]
[Result "1-0"]
[WhiteElo "1473"]
[BlackElo "1000"]
[PlyCount "75"]
[EventDate "2004.09.24"]
[EventType "tourn"]
[EventRounds "5"]
[EventCountry "DEN"]
[SourceTitle "EXT 2023"]
[Source "ChessBase"]
[SourceDate "2022.10.05"]
[SourceVersion "1"]
[SourceVersionDate "2022.10.05"]
[SourceQuality "1"]

1. d4 d5 2. e3 Nc6 3. c3 Nf6 4. Bd3 e5 5. Nd2 e4 6. Be2 Bg4 7. c4 Ne7 8. Bxg4 Nxg4 9. Qxg4 f5 10. Qe2 c6 11. Nh3 Qd7 12. Nf4 0-0-0 13. c5 g5 14. Nh3 g4 15. Nf4 Bh6 16. g3 Rhg8 17. Nh5 Rg6 18. b4 Qe6 19. a4 a6 20. Bb2 Rg5 21. Nf4 Qd7 22. Bc3 Ng6 23. Nxg6 Rxg6 24. Nb1 Bg7 25. Na3 Qc7 26. b5 a5 27. b6 Qe7 28. Bxa5 h5 29. Bc3 Kd7 30. a5 Ke8 31. a6 Ra8 32. Nc2 Rb8 33. Nb4 Qd7 34. axb7 Qxb7 35. Qa6 Bf8 36. Qxb7 Rxb7 37. Ra8+ Kf7 38. Ra7 1-0